PROSPETTIVE DELLO SVILUPPO ECONOMICO-SOCIALE AD UN SECOLO DALL'UNITÀ D'ITALIA, 1861/1961. (Record n. 283048)
[ formato base ]
| 000 -LEADER | |
|---|---|
| fixed length control field | 01282nam a2200229Ia 4500 |
| 001 - CONTROL NUMBER | |
| control field | L330-23944 |
| 003 - CONTROL NUMBER IDENTIFIER | |
| control field | IT-CnALBA |
| 008 - FIXED-LENGTH DATA ELEMENTS--GENERAL INFORMATION | |
| fixed length control field | 170116s9999||||xx |||||||||||||| ||und|| |
| 040 ## - CATALOGING SOURCE | |
| Original cataloging agency | IT-CnALBA |
| Transcribing agency | IT-CnALBA |
| 041 ## - LANGUAGE CODE | |
| Language code of text/sound track or separate title | ITALIANO |
| 999 ## - SYSTEM CONTROL NUMBERS (KOHA) | |
| Koha Dewey Subclass [OBSOLETE] | NO |
| 100 ## - MAIN ENTRY--PERSONAL NAME | |
| Personal name | SIRI GIUSEPPE, CARDINALE DI GENOVA. |
| 245 #0 - TITLE STATEMENT | |
| Title | PROSPETTIVE DELLO SVILUPPO ECONOMICO-SOCIALE AD UN SECOLO DALL'UNITÀ D'ITALIA, 1861/1961. |
| 250 ## - EDITION STATEMENT | |
| Edition statement | 1a ed. |
| 260 ## - PUBLICATION, DISTRIBUTION, ETC. (IMPRINT) | |
| Name of publisher, distributor, etc. | UNIONE CRISTIANA IMPRENDITORI DIRIGENTI' |
| Date of publication, distribution, etc. | 1962 [1° Ed.:1962 - Ed.Ling.Originale: 1962] |
| 300 ## - PHYSICAL DESCRIPTION | |
| Extent | 367 p. (prefazione: 5) |
| 500 ## - GENERAL NOTE | |
| General note | ATTI DEL X CONGRESSO UCID, TORINO, MAGGIO 1961. CARD. SIRI: PENSIERO CRISTIANO E PROGRESSO CIVILE. TECNICHE PRODUTTIVE. DIREZIONE AZIENDALE AGRICOLTURA ITALIANA, MERIDIONALE. 70 ANNI DALLA RERUM NOVARUM. SINDACALISMO INDUSTRIALE. INDUSTRIA AUTOMOBILISTICA |
| 501 ## - WITH NOTE | |
| With note | Società San Paolo EM - Piazza San Paolo, 14 - 12051 ALBA (CN) (non commercial uses only) ® Copyright 2017 |
| 520 ## - SUMMARY, ETC. | |
| Summary, etc. | ATTI DEL X CONGRESSO UCID, TORINO, MAGGIO 1961. CARD. SIRI: PENSIERO CRISTIANO E PROGRESSO CIVILE. TECNICHE PRODUTTIVE. DIREZIONE AZIENDALE AGRICOLTURA ITALIANA, MERIDIONALE. 70 ANNI DALLA RERUM NOVARUM. SINDACALISMO INDUSTRIALE. INDUSTRIA AUTOMOBILISTICA |
| 650 ## - SUBJECT ADDED ENTRY--TOPICAL TERM | |
| Topical term or geographic name as entry element | ECONOMIA |
| 942 ## - ADDED ENTRY ELEMENTS (KOHA) | |
| Koha item type | LIBRO |
| 957 ## - | |
| -- | 1 |
| 999 ## - SYSTEM CONTROL NUMBERS (KOHA) | |
| -- | Copie: 1 |
| Withdrawn status | Lost status | Damaged status | Not for loan | Home library | Current library | Date acquired | Total Checkouts | Full call number | Date last seen | Price effective from | Koha item type | Public note |
|---|---|---|---|---|---|---|---|---|---|---|---|---|
| Buone Condizioni | Not For Loan | ALBA - Biblioteca | ALBA - Biblioteca | 16/01/2017 | L330-23944 | 16/01/2017 | 16/01/2017 | LIBRO | (data import: 16 gennaio 2017) - By Epidotti, Vaglietti. |